El Paisaje Interno

Bewaard in:
Bibliografische gegevens
Hoofdauteur: Silo
Formaat: Boek
Taal:Undetermined
Gepubliceerd in: Barcelona, España Editorial Bruguera 1981
Onderwerpen:
Tags: Voeg label toe
Geen labels, Wees de eerste die dit record labelt!

MARC

LEADER 00000nam a2200000Ia 4500
008 170316s9999 xx 000 0 und d
090 |a 100 S-44p 
100 |a Silo 
245 |a El Paisaje Interno 
260 |a Barcelona, España 
260 |b Editorial Bruguera 
260 |c 1981 
300 |a 127 páginas 
650 |a FILOSOFÍA 
999 |c 17643  |d 17643 
040 |a cru BVZT 
942 |c 15 D  |h 100 S-44p  |2 z